| 000 | 00630nam a2200181Ia 4500 | ||
|---|---|---|---|
| 005 | 20250508163337.0 | ||
| 008 | 008 250505s9999 xx 000 0 eng d | ||
| 037 | _aDissertations | ||
| 040 |
_aFEDL _beng _cFEDL |
||
| 041 |
_aeng _2eng |
||
| 084 |
_a370.15, STA/DI _qFEDL |
||
| 245 | 0 | _aStandardisation of a scale to evaluate the development of affective behaviour among hindi medium school boys of Delhi at delta level (class 8th, 14th) | |
| 260 | _c1972 | ||
| 300 | _a182p. | ||
| 546 | _aM. Ed. Dissertation (Jamia Millia Islamia University) | ||
| 942 |
_cDIS _h370.15, STA/DI |
||
| 999 |
_c1382441 _d1382441 |
||